000 00740cam a2200217 a 4500
001 000006669
005 20200929153954.0
008 760831s1976 sp 000 0 spa
020 _a8431201398
040 _aDO-SdBNP
_bspa
_cBNPHU
082 _a946.081
_bR454d
100 1 _aRevilla Cebrecos, C.,
_d1916-
_918562
245 1 4 _a... De esos tenemos tantos como el que mas /
_cC. Revilla Cebrecos.
260 _aMadrid :
_bG. del Toro,
_c1976.
300 _a345 p. ;
_c21 cm.
500 _a"Memorias de la guerra civil española 1936-1939".
651 4 _aEspaña
_xHistoria
_xGuerra Civil, 1936-1939
_918563
650 4 _aDemogracia
_zEspaña
_918564
650 4 _aBatalla de brunete
_zEspaña
_y1937
_918565
700 1 _aToro, G del,
_eed.
_918566
999 _c6458
_d6458